000 00610nam a2200241 a 4500
001 nice12345678
003 IN_TiNIC
005 20260116012800.0
008 050524s0000 lona grp 000 0 eng
020 _a
_c100
082 0 0 _a230
_bWIL
100 _aWiles, Maurice
245 _aMaking of Christian Doctrine
_b Study in the Principles of Early Doctrinal
260 _aLondon
_bCambridge University
_c0000
300 _a184p
500 _aincludes index and biblioraphy
505 2 _aIndex
650 _aTheology
700 1 _aWiles, Maurice
902 _bSRS
942 _cBK
999 _c8340
_d8340